000 00425nam a22001217a 4500
008 230621b xxu||||| |||| 00| 0 eng d
082 _a328.5436
_bMAL
100 _cG.C Malhotra
245 _aParliamentary Devices for Raising Matters of Urgent Public Importance
_bBureau of Parliamentary Studies and training Lok Sabha Secretariat
260 _aNew Delhi
_bLok Sabha Secretariat
_cAugust 2004
300 _a29p
942 _2ddc
_cBK
999 _c2206
_d2206